• 首页
  • 本馆介绍
  • 公告通知
  • 最新文献
  • 馆藏检索
  • 电子资源
  • 读者导购
  • 参考咨询
  • 我的图书馆
  • 登录
  • 详细信息显示
  • 放入我的书架
  • 预约/预借图书
  • 作者相关作品
  • 分类相关作品
  • 丛书相关作品
  • 出版社相关作品

书目信息

  • 表格格式
  • 工作单格式
  • 卡片格式
题名:
股票·债券入门
    
 
作者: 罗兴 编著
分册:  
出版信息: 合肥   安徽人民出版社  1992.1
页数: 250页
开本: 19cm
丛书名:
单 册:
中图分类: F830.9
科图分类: 29.7955
主题词: 股票--基本知识 , 证券投资--基本知识 , 资本市场--基本知识
电子资源:
ISBN: 7-212-00631-9
000 00865nam0 2200289 45
001 0192013708
005 20070710105922.45
010    @a7-212-00631-9@dCNY3.50
020    @aCN@b92013708
100    @a19921207d1992 em y0chiy0121 ea
101 0  @achi
102    @aCN@b340000
105    @ay z 000yy
200 10 @a股票·债券入门@Agu piao zhai quan ru men@f罗 兴等编著@Fluo xing deng bian zhu
210    @a合肥@c安徽人民出版社@d1992.1
215    @a250页@d19cm
314    @a罗 兴,中国金融学院副教授
330    @a本书介绍证券交易的新规定、新动向、以及证券交易的基本知识。
540 1  @a股票 证券@Agu piao zheng quan
606    @a股票@x基本知识
606    @a证券投资@x基本知识
606    @a资本市场@x基本知识
690    @aF830.9
692    @a29.7955
701  0 @a罗兴@Aluo xing@4编著
801  0 @aCN@bTSSF@c20070710
905    @a10447@dF830.9@e100
    
    股票·债券入门/罗 兴等编著.-合肥:安徽人民出版社,1992.1
    250页;19cm
    
    
    ISBN 7-212-00631-9:CNY3.50
    本书介绍证券交易的新规定、新动向、以及证券交易的基本知识。
●
相关链接 在E读中查询图书 在五车中查询图书 在当当中查询图书 在豆瓣中查询图书


正题名:股票·债券入门     索取号:F830.9/100         预约/预借

序号 登录号 条形码 馆藏地/架位号 状态 备注
1 0765017   207650175   第一样本阅览室/ [索取号:F830.9/100] 在馆    
唐山师范学院图书馆 欢迎您!
大连网信软件有限公司© 版权所有